Súpis pamiatok na Slovensku K - P : zväzok druhý
Saved in:
| Format: | Book |
|---|---|
| Language: | Slovak |
| Published: |
Bratislava :
Obzor,
1968
|
| Edition: | 1. vyd. |
| Subjects: | |
| Tags: |
No Tags, Be the first to tag this record!
|
MARC
| LEADER | 00000nam a22000003a 4500 | ||
|---|---|---|---|
| 001 | stu11232 | ||
| 005 | 20150408181855.6 | ||
| 008 | 950313s1968----cs------------------slo-d | ||
| 040 | |a STU |b slo | ||
| 041 | 0 | |a slo | |
| 044 | |a cs | ||
| 245 | |a Súpis pamiatok na Slovensku K - P : |b zväzok druhý | ||
| 250 | |a 1. vyd. | ||
| 260 | |a Bratislava : |b Obzor, |c 1968 | ||
| 300 | |a 582 s | ||
| 650 | 7 | |a súpis pamiatok |2 stusub | |
| 996 | |b 284AU02689 |c A*1913 U |l AAKNST |s P |a 0 |w stu11232_0001 | ||
| 996 | |b 284AU00107 |c A*3657 U |l AAKNAR |s A |a 24 |w stu11232_0002 | ||
| 996 | |b 284AU00761 |c A*1909 U |l AAKNAR |s A |a 24 |w stu11232_0003 | ||